BIBLIOTECA

SENCICO

Concreto Armado (comentarios) (Registro nro. 3449)

Detalles MARC
000 -LEADER
fixed length control field 00879nam a2200217Ia 4500
005 - DATE AND TIME OF LATEST TRANSACTION
control field 20251020182614.0
008 - FIXED-LENGTH DATA ELEMENTS--GENERAL INFORMATION
fixed length control field 200515s9999 xx 000 0 und d
082 ## - DEWEY DECIMAL CLASSIFICATION NUMBER
Classification number SC/691.328/P45
110 ## - MAIN ENTRY--CORPORATE NAME
Corporate name or jurisdiction name as entry element Ininvi
245 #0 - TITLE STATEMENT
Title Concreto Armado (comentarios)
260 ## - PUBLICATION, DISTRIBUTION, ETC.
Place of publication, distribution, etc. Lima
260 ## - PUBLICATION, DISTRIBUTION, ETC.
Date of publication, distribution, etc. 1989
300 ## - PHYSICAL DESCRIPTION
Extent 135
500 ## - GENERAL NOTE
General note por esta razón dicho Comité ha creído oportuno presentar estos comentarios que aclaran dichos criterios y que en otros casos los complementan, facilitando su aplicación
520 ## - SUMMARY, ETC.
Summary, etc. La norma Técnica de Edificación E-60 Concreto Armado ha sido redactada en forma directa y concisa debido a su carácter reglamentario, por lo que se expresan los criterios y consideraciones en que se ha basado el Comité Especializado encargado de su elabor
650 ## - SUBJECT ADDED ENTRY--TOPICAL TERM
Topical term or geographic name entry element CONCRETO
650 ## - SUBJECT ADDED ENTRY--TOPICAL TERM
Topical term or geographic name entry element E-60
650 ## - SUBJECT ADDED ENTRY--TOPICAL TERM
Topical term or geographic name entry element NORMAS
650 ## - SUBJECT ADDED ENTRY--TOPICAL TERM
Topical term or geographic name entry element PUB ININVI
942 ## - ADDED ENTRY ELEMENTS (KOHA)
Koha item type Libros
Existencias
Fecha de la última vez que lo usaron Pago total Signatura topográfica completa Código de barras Precio efectivo desde Tipo de documento Estado perdido Estado dañado No es para préstamo Retirado Ubicación permanente Ubicación actual Fecha de adquisición
15/05/2020   SC/691.328/P45 Bib-Lima15053449 15/05/2020 Libros         Biblioteca Central Lima Biblioteca Central Lima 15/05/2020